| 000 | 00601nam a22001937a 4500 | ||
|---|---|---|---|
| 005 | 20250710124949.0 | ||
| 008 | 250710b |||||||| |||| 00| 0 eng d | ||
| 020 | _a978-0170233224 | ||
| 050 | _aLB3013 .L96 2014 | ||
| 100 | _aLYONS, GORDON | ||
| 245 | _aCLASSROOM MANAGEMENT: CREATING POSITIVE LEARNING ENVIRONMENTS | ||
| 250 | _a4 | ||
| 260 |
_aAUSTRALIA _bCENGAGE LEARNING AUSTRALIA PTY LIMITED _c2014 |
||
| 300 | _aXVII,254P.:ILL | ||
| 500 | _aINCLUDES BIBLIOGRAPHICAL REFERENCES AND INDEX | ||
| 650 | _aCLASSROOM MANAGEMENT | ||
| 700 | _a1. FORD, MARGOT 2. SLEE, JUNE | ||
| 942 |
_2lcc _cBK |
||
| 999 |
_c215880 _d215880 |
||